1340 1889 1050 1776 1407 1773 1123 1698 1832 1044 1308 1748 1255 1253 1911 1203 1715 1791 1721 1612 1235 1123 1165 1572 1588 1819 1743 1235 1029 1750 1791 1191 1045 1271 1547 1895 1267 1141 1840 1430 1328 1324 1815 1070 1048 1785 1774 1345 1957 1585 1499 1285 1497 1200 1139 1765 1879 1540 1650 1538 1430 1538 1297 1022 1498 1757 1086 1765 1469 1922 1594 1075 1776 1165 1225 1123 1025 1859 1544 1576 1488 1039 1375 1158 1768 1452 1767 1835 1143 1968 1704 1023 1753 1051 1763 1338 1960 1826 1181 BCNSPRNW ULIB Ver.6.0+V

เปลี่ยนเป็นภาษาไทย

Change to English
 แสดงรายละเอียดบรรณานุกรม
  กลับหน้าหลัก

Brief Record : Get Marc (ISO 2709) : E-mail record : QR code < ปิดหน้าต่าง
LEADER : 00000nam 2200000uu 4500
001    13399122106
003     ULIB
008    121226s2551||||th 000 0 tha d
020    ^a9789749900468
060 04 ^aWI900^bข125อ 2551
245 00 ^aอวัยวะในช่องท้องและอุ้งเชิงกราน :^bพื้นฐานทางการแพทย์ =The abdominopelvic organs : basic medical approach /^cบรรณาธิการ, ขจร ลักษณ์ชยปกรณ์ ; คณะผู้นิพนธ์, ขจร ลักษณ์ชยปกรณ์ ... [และคนอื่นๆ]
246 31 ^aThe abdominopelvic organs :^bbasic medical approach
250    ^aพิมพ์ครั้งที่ 1
260    ^aกรุงเทพฯ :^bสำนักพิมพ์มหาวิทยาลัยธรรมศาสตร์,^c2551
300    ^a[11], 544 หน้า :^bภาพประกอบ ;^c26 ซม.
650  7 ^aช่องท้อง^xกายวิภาค
650  7 ^aเชิงกราน^xกายวิภาค
650  7 ^aช่องท้อง^xกายวิภาคศาสตร์และมิญชวิทยา
650  7 ^aเชิงกราน^xกายวิภาคศาสตร์และมิญชวิทยา
700 0  ^aขจร ลักษณ์ชยปกรณ์,^eบรรณาธิการ
945    ^p590^l0^i16117
995    ^aทศพร
999    ^aทศพร เกษรทอง
รายการนี้ยังไม่มีแท็ก
คุณยังไม่ได้ล็อกอิน คุณสามารถมีกิจกรรมร่วมกับเว็บไซต์ได้ แต่ต้องล็อกอินก่อน ::
  ล็อกอิน

รายการสื่อสารสนเทศ

ลำดับที่ ประเภท เลขเรียก/บาร์โค้ด สถานที่ สถานะ
1. วิทยาศาสตร์การแพทย์ และสุขภาพ
วิทยาศาสตร์การแพทย์ และสุขภาพ
WI900 ข125อ 2551 ฉ.1 
  Barcode: 16117
ห้องสมุดวิทยาเขตสวรรค์ประชารักษ์
►ส่วนจัดเก็บหนังสือเก่า สปร
บนชั้น
  ขอยืม

BibComment


ยังไม่เคยถูกคอมเมนท์

คอมเมนท์ทรัพยากรรายการนี้
  คอมเมนท์: อวัยวะในช่องท้อง..


 Copyright 2026. Bcnsprnw @Library